• 首页
  • 本馆介绍
  • 公告通知
  • 最新文献
  • 馆藏检索
  • 电子资源
  • 读者导购
  • 参考咨询
  • 我的图书馆
  • 登录
  • 详细信息显示
  • 放入我的书架
  • 预约/预借图书
  • 作者相关作品
  • 分类相关作品
  • 丛书相关作品
  • 出版社相关作品

书目信息

  • 表格格式
  • 工作单格式
  • 卡片格式
题名:
《大公报》百年史
    
 
作者: 方汉奇 著
分册:  
出版信息: 北京   中国人民大学出版社  2004
页数: 536页
开本: 21cm
丛书名:
单 册:
中图分类: G219.29
科图分类:
主题词: 新闻事业史
电子资源:
ISBN: 7-300-05231-2
000 00915nam0 2200265 45
001 0900000035845
005 20060105092557.15
010    @a7-300-05231-2@dCNY30.00
092    @aCN
100    @a20050705d2004 ekmy0chiy0120 ea
101 0  @achi
102    @aCN@b110000
105    @ay z 000yy
200 1  @a《大公报》百年史@9《 da gong bao》 bai nian shi@e1902-06-17——2002-06-17@f方汉奇等著@Ffang han qi deng zhu
210    @a北京@c中国人民大学出版社@d2004
215    @a536页@d21cm
300    @a中国人民大学新闻与社会发展研究中心研究成果
330    @a本书介绍创刊于1902年,历晚清至新中国成立四个历史时期跨越百年的香港《大公报》的历史进程、办报宗旨,及其对中国新闻事业的历史贡献等。
605    @a大公报@x新闻事业史@z1902~2002
606 0  @a新闻事业史
690    @aG219.29@v4
701  0 @a方汉奇@Afang han qi@4著
801  0 @aCN@bCXYBOOK@c20060105
905    @a10447@dG219.29@e164
999    @aWJ@eJDD
    
    《大公报》百年史:1902-06-17——2002-06-17/方汉奇等著.-北京:中国人民大学出版社,2004
    536页;21cm
    中国人民大学新闻与社会发展研究中心研究成果
    
    ISBN 7-300-05231-2:CNY30.00
    本书介绍创刊于1902年,历晚清至新中国成立四个历史时期跨越百年的香港《大公报》的历史进程、办报宗旨,及其对中国新闻事业的历史贡献等。
●
相关链接 在E读中查询图书 在五车中查询图书 在当当中查询图书 在豆瓣中查询图书


正题名:《大公报》百年史     索取号:G219.29/164         预约/预借

序号 登录号 条形码 馆藏地/架位号 状态 备注
1 0373755   203737554   第一样本阅览室/ [索取号:G219.29/164] 在馆    
2 0373756   203737563   第四借阅区/ [索取号:G219.29/164] 在馆    
唐山师范学院图书馆 欢迎您!
大连网信软件有限公司© 版权所有